000 00614nam a22002177a 4500
005 20260515114853.0
008 201125b ||||| |||| 00| 0 eng d
020 _a9789381784389
040 _aIN-DiNC
_cIN-DiNC
041 _dasm
082 _a320.3
100 _aGohain, Nabin
_eauthor
245 _aTulanamulak sarkar aru rajnitir parichay/
_cby Nabin Gohain and Pankaj Bora
250 _a7th rev. ed.
260 _aJorhat:
_bBidya bhawan,
_c2020
300 _a436p.
650 _aPolitical science
650 _aComparative government and politics
700 _aBora, Pankaj
_eauthor
942 _2ddc
_cBK
999 _c11074
_d11074